|
|
|
|
| LEADER |
01220nam a2200277 i 4500 |
| 001 |
924 |
| 003 |
BD-DhAAL |
| 005 |
20150827102306.0 |
| 008 |
150827s1978 dcua b 000 0 eng |
| 010 |
|
|
|a 78070607
|
| 040 |
|
|
|a DLC
|c DLC
|d DLC
|d BD-DhAAL
|
| 050 |
0 |
0 |
|a HD9000.4
|b .N37 1978
|
| 082 |
0 |
0 |
|a 338.1/9/1724
|
| 110 |
2 |
|
|a National Research Council (U.S.).
|b Board on Science and Technology for International Development.
|9 14197
|
| 245 |
1 |
0 |
|a Postharvest food losses in developing countries /
|c Board on Science and Technology for International Development, Commission on International Relations, National Research Council.
|
| 260 |
|
|
|a Washington :
|b National Academy of Sciences,
|c 1978.
|
| 300 |
|
|
|a viii, 206 p. :
|b ill. ;
|c 23 cm.
|
| 500 |
|
|
|a Text in English with summaries in French and Spanish.
|
| 504 |
|
|
|a Includes bibliographies.
|
| 541 |
|
|
|e 924
|
| 650 |
|
0 |
|a Food supply
|z Developing countries.
|9 12463
|
| 650 |
|
0 |
|a Food crops
|x Postharvest losses
|z Developing countries.
|9 14198
|
| 650 |
|
0 |
|a Food
|x Storage.
|9 14199
|
| 942 |
|
|
|2 ddc
|c BK
|
| 999 |
|
|
|c 35361
|d 35361
|
| 952 |
|
|
|0 0
|1 0
|2 ddc
|4 0
|6 338_191724000000000_POS
|7 0
|9 55587
|a SCL
|b SCL
|c GEN
|d 2015-08-27
|l 0
|o 338.191724 POS
|p 3020000924
|r 2015-08-27
|t 1
|w 2015-08-27
|y BK
|